Prénom dans Harry Potter finissant par -o - Statistiques

Statistiques générales
  • Ce quiz a été pris 102 fois
  • Le résultat moyen est 4 sur 5
Statistiques - réponses
Nom de famille Prénom % Correct
Malefoy Drago
100%
Chang Cho
99%
Granger-Weasley Hugo
94%
Carrow Alecto
80%
Dippet Armando
73%
Aucun quiz correspondant
Distribution des résultats
% des personnes avec chaque résultat
Percentile par nombre de réponses
Votre historique - résultats
Vous n’avez pas pris ce quiz